[Event "DEM U14w 2021"]
[Site "Willingen GER"]
[Date "2021.08.23"]
[Round "2"]
[White "Hubert, Charlotte"]
[Black "Pohle, Saskia"]
[Result "0-1"]
[Termination "normal"]
[Board "1"]
[WhiteElo "1545"]
[BlackElo "1755"]
[WhiteClock "00:01:45"]
[BlackClock "00:16:32"]
[PlyCount "98"]
[WhiteFideId "16265920"]
[BlackFideId "16201604"]
[EventCountry "GER"]
[EventRounds "9"]
[EventType "swiss"]
[EventDate "2021.08.22"]

1. e4 {[%clk 01:30:57]} {[%emt 00:00:03]} e5 {[%clk 01:30:56]} {[%emt
00:00:05]} 2. Nf3 {[%clk 01:31:16]} {[%emt 00:00:10]} Nc6 {[%clk 01:31:22]}
{[%emt 00:00:04]} 3. Bb5 {[%clk 01:31:35]} {[%emt 00:00:11]} a6 {[%clk
01:31:47]} {[%emt 00:00:06]} 4. Ba4 {[%clk 01:31:57]} {[%emt 00:00:07]} Nf6
{[%clk 01:32:11]} {[%emt 00:00:06]} 5. O-O {[%clk 01:32:13]} {[%emt 00:00:15]}
Be7 {[%clk 01:32:36]} {[%emt 00:00:05]} 6. Re1 {[%clk 01:32:30]} {[%emt
00:00:12]} b5 {[%clk 01:33:01]} {[%emt 00:00:06]} 7. Bb3 {[%clk 01:32:48]}
{[%emt 00:00:12]} O-O {[%clk 01:33:24]} {[%emt 00:00:06]} 8. a4 {[%clk
01:33:10]} {[%emt 00:00:08]} b4 {[%clk 01:33:48]} {[%emt 00:00:08]} 9. d4
{[%clk 01:33:30]} {[%emt 00:00:10]} d6 {[%clk 01:34:12]} {[%emt 00:00:06]} 10.
dxe5 {[%clk 01:33:43]} {[%emt 00:00:17]} Nxe5 {[%clk 01:34:36]} {[%emt
00:00:06]} 11. Nxe5 {[%clk 01:33:54]} {[%emt 00:00:17]} dxe5 {[%clk 01:35:02]}
{[%emt 00:00:06]} 12. Qe2 {[%clk 01:27:44]} {[%emt 00:06:38]} a5 {[%clk
01:35:24]} {[%emt 00:00:08]} 13. Nd2 {[%clk 01:23:09]} {[%emt 00:05:05]} Bc5
{[%clk 01:35:42]} {[%emt 00:00:11]} 14. Nf1 {[%clk 01:10:31]} {[%emt 00:13:08]}
Ng4 {[%clk 01:31:16]} {[%emt 00:04:56]} 15. Ne3 {[%clk 01:07:01]} {[%emt
00:04:00]} Qh4 {[%clk 01:31:02]} {[%emt 00:00:45]} 16. h3 {[%clk 01:04:52]}
{[%emt 00:02:38]} Nh6 {[%clk 01:30:21]} {[%emt 00:01:12]} 17. Nc4 {[%clk
00:48:11]} {[%emt 00:17:11]} Bd4 {[%clk 01:19:07]} {[%emt 00:11:44]} 18. Be3
{[%clk 00:42:25]} {[%emt 00:06:15]} Ra6 {[%clk 01:13:43]} {[%emt 00:05:55]} 19.
Bxd4 {[%clk 00:36:01]} {[%emt 00:06:53]} exd4 {[%clk 01:13:13]} {[%emt
00:01:00]} 20. Qd3 {[%clk 00:32:50]} {[%emt 00:03:41]} c5 {[%clk 01:07:21]}
{[%emt 00:06:22]} 21. Qg3 {[%clk 00:24:46]} {[%emt 00:08:34]} Qxg3 {[%clk
01:05:59]} {[%emt 00:01:52]} 22. fxg3 {[%clk 00:25:11]} {[%emt 00:00:05]} Kh8
{[%clk 01:04:08]} {[%emt 00:02:22]} 23. g4 {[%clk 00:21:05]} {[%emt 00:04:35]}
Be6 {[%clk 00:57:12]} {[%emt 00:07:26]} 24. Rac1 {[%clk 00:17:27]} {[%emt
00:04:08]} Rb8 {[%clk 00:44:33]} {[%emt 00:13:09]} 25. Ne5 {[%clk 00:11:08]}
{[%emt 00:06:50]} Rb7 {[%clk 00:32:59]} {[%emt 00:12:04]} 26. Bd5 {[%clk
00:06:21]} {[%emt 00:05:17]} Rc7 {[%clk 00:29:18]} {[%emt 00:04:11]} 27. g5
{[%clk 00:06:18]} {[%emt 00:00:32]} Ng8 {[%clk 00:28:53]} {[%emt 00:00:56]} 28.
Rf1 {[%clk 00:05:31]} {[%emt 00:01:15]} f6 {[%clk 00:27:39]} {[%emt 00:01:46]}
29. gxf6 {[%clk 00:04:26]} {[%emt 00:01:34]} Nxf6 {[%clk 00:27:46]} {[%emt
00:00:23]} 30. Ng4 {[%clk 00:02:53]} {[%emt 00:02:03]} Nxd5 {[%clk 00:24:54]}
{[%emt 00:03:21]} 31. Rf8+ {[%clk 00:03:14]} {[%emt 00:00:10]} Bg8 {[%clk
00:25:19]} {[%emt 00:00:05]} 32. exd5 {[%clk 00:03:36]} {[%emt 00:00:07]} h5
{[%clk 00:23:02]} {[%emt 00:02:48]} 33. Re1 {[%clk 00:02:11]} {[%emt 00:01:55]}
Kh7 {[%clk 00:21:27]} {[%emt 00:02:06]} 34. Ree8 {[%clk 00:01:11]} {[%emt
00:01:29]} Bxd5 {[%clk 00:13:36]} {[%emt 00:08:22]} 35. Rh8+ {[%clk 00:01:25]}
{[%emt 00:00:15]} Kg6 {[%clk 00:14:01]} {[%emt 00:00:05]} 36. Ne5+ {[%clk
00:01:48]} {[%emt 00:00:06]} Kg5 {[%clk 00:14:19]} {[%emt 00:00:12]} 37. g4
{[%clk 00:00:56]} {[%emt 00:01:23]} hxg4 {[%clk 00:10:25]} {[%emt 00:04:24]}
38. h4+ {[%clk 00:01:03]} {[%emt 00:00:22]} Kf4 {[%clk 00:10:21]} {[%emt
00:00:35]} 39. Rhf8+ {[%clk 00:00:38]} {[%emt 00:00:56]} Kg3 {[%clk 00:10:27]}
{[%emt 00:00:24]} 40. h5 {[%clk 00:00:41]} {[%emt 00:00:27]} c4 {[%clk
00:06:27]} {[%emt 00:04:30]} 41. Rf5 {[%clk 00:19:57]} {[%emt 00:11:14]} Be6
{[%clk 00:32:06]} {[%emt 00:04:50]} 42. Rf2 {[%clk 00:19:59]} {[%emt 00:00:29]}
Rc5 {[%clk 00:29:05]} {[%emt 00:03:32]} 43. Ng6 {[%clk 00:18:15]} {[%emt
00:02:13]} Rxh5 {[%clk 00:24:58]} {[%emt 00:04:36]} 44. Rg2+ {[%clk 00:13:22]}
{[%emt 00:05:24]} Kf3 {[%clk 00:25:21]} {[%emt 00:00:07]} 45. Rf8+ {[%clk
00:13:23]} {[%emt 00:00:29]} Bf5 {[%clk 00:19:35]} {[%emt 00:06:16]} 46. Rf2+
{[%clk 00:07:05]} {[%emt 00:06:48]} Ke3 {[%clk 00:17:17]} {[%emt 00:02:48]} 47.
Re8+ {[%clk 00:05:03]} {[%emt 00:02:31]} Be4 {[%clk 00:17:36]} {[%emt
00:00:11]} 48. Re2+ {[%clk 00:01:31]} {[%emt 00:04:03]} Kxe2 {[%clk 00:17:50]}
{[%emt 00:00:16]} 49. Nf4+ {[%clk 00:01:45]} {[%emt 00:00:16]} Kd2 {[%clk
00:16:32]} {[%emt 00:01:48]} 0-1

[Event "DEM U14w 2021"]
[Site "Willingen GER"]
[Date "2021.08.23"]
[Round "2"]
[White "Voigt, Anastasia"]
[Black "Fischer, Darja"]
[Result "1-0"]
[Termination "normal"]
[Board "2"]
[WhiteElo "1737"]
[BlackElo "1591"]
[WhiteClock "00:06:48"]
[BlackClock "00:02:31"]
[PlyCount "93"]
[WhiteFideId "16235223"]
[BlackFideId "16240898"]
[EventCountry "GER"]
[EventRounds "9"]
[EventType "swiss"]
[EventDate "2021.08.22"]

1. e4 {[%clk 01:30:58]} {[%emt 00:00:02]} c6 {[%clk 01:30:59]} {[%emt
00:00:01]} 2. d4 {[%clk 01:31:21]} {[%emt 00:00:06]} d5 {[%clk 01:31:23]}
{[%emt 00:00:06]} 3. Nd2 {[%clk 01:31:36]} {[%emt 00:00:15]} dxe4 {[%clk
01:31:37]} {[%emt 00:00:16]} 4. Nxe4 {[%clk 01:32:01]} {[%emt 00:00:05]} Bf5
{[%clk 01:32:00]} {[%emt 00:00:09]} 5. Ng3 {[%clk 01:32:07]} {[%emt 00:00:23]}
Bg6 {[%clk 01:32:23]} {[%emt 00:00:07]} 6. Nf3 {[%clk 01:32:04]} {[%emt
00:00:31]} Nd7 {[%clk 01:32:36]} {[%emt 00:00:18]} 7. Bc4 {[%clk 01:31:29]}
{[%emt 00:01:05]} e6 {[%clk 01:32:23]} {[%emt 00:00:43]} 8. O-O {[%clk
01:31:22]} {[%emt 00:00:36]} Ngf6 {[%clk 01:32:29]} {[%emt 00:00:25]} 9. c3
{[%clk 01:30:38]} {[%emt 00:01:14]} Bd6 {[%clk 01:32:06]} {[%emt 00:00:52]} 10.
Nh4 {[%clk 01:29:39]} {[%emt 00:01:28]} Qc7 {[%clk 01:30:08]} {[%emt 00:02:30]}
11. Nxg6 {[%clk 01:26:41]} {[%emt 00:03:28]} hxg6 {[%clk 01:30:11]} {[%emt
00:00:27]} 12. Qf3 {[%clk 01:24:53]} {[%emt 00:02:17]} Nh5 {[%clk 01:21:30]}
{[%emt 00:09:12]} 13. Re1 {[%clk 01:20:58]} {[%emt 00:04:24]} Ndf6 {[%clk
01:14:45]} {[%emt 00:07:16]} 14. Bg5 {[%clk 01:15:29]} {[%emt 00:05:58]} O-O-O
{[%clk 01:12:52]} {[%emt 00:02:24]} 15. Nf1 {[%clk 01:03:10]} {[%emt 00:12:48]}
Rh7 {[%clk 01:08:44]} {[%emt 00:04:39]} 16. g3 {[%clk 00:59:34]} {[%emt
00:04:05]} Rdh8 {[%clk 01:03:09]} {[%emt 00:06:04]} 17. Rad1 {[%clk 00:49:26]}
{[%emt 00:10:37]} Nd5 {[%clk 00:58:46]} {[%emt 00:04:54]} 18. Bb3 {[%clk
00:48:00]} {[%emt 00:01:55]} Nhf4 {[%clk 00:32:46]} {[%emt 00:26:31]} 19. Bxf4
{[%clk 00:41:08]} {[%emt 00:07:22]} Nxf4 {[%clk 00:32:56]} {[%emt 00:00:20]}
20. gxf4 {[%clk 00:34:05]} {[%emt 00:07:33]} Bxf4 {[%clk 00:33:20]} {[%emt
00:00:06]} 21. Rd3 {[%clk 00:19:59]} {[%emt 00:14:37]} Bxh2+ {[%clk 00:29:02]}
{[%emt 00:04:47]} 22. Nxh2 {[%clk 00:18:41]} {[%emt 00:01:48]} Rxh2 {[%clk
00:28:18]} {[%emt 00:01:14]} 23. Kf1 {[%clk 00:16:53]} {[%emt 00:02:16]} R8h5
{[%clk 00:26:39]} {[%emt 00:02:10]} 24. Qg3 {[%clk 00:15:23]} {[%emt 00:01:58]}
Qd7 {[%clk 00:21:05]} {[%emt 00:06:06]} 25. Re5 {[%clk 00:14:27]} {[%emt
00:01:26]} Rh6 {[%clk 00:16:52]} {[%emt 00:04:43]} 26. Qe3 {[%clk 00:11:21]}
{[%emt 00:03:35]} g5 {[%clk 00:12:19]} {[%emt 00:05:04]} 27. Rxg5 {[%clk
00:11:08]} {[%emt 00:00:42]} g6 {[%clk 00:06:56]} {[%emt 00:05:55]} 28. Re5
{[%clk 00:10:43]} {[%emt 00:00:53]} Qe8 {[%clk 00:05:16]} {[%emt 00:02:11]} 29.
d5 {[%clk 00:08:35]} {[%emt 00:02:37]} Qh8 {[%clk 00:05:15]} {[%emt 00:00:32]}
30. dxe6 {[%clk 00:08:13]} {[%emt 00:00:52]} R6h3 {[%clk 00:05:01]} {[%emt
00:00:43]} 31. e7 {[%clk 00:05:06]} {[%emt 00:03:38]} Rxe3 {[%clk 00:02:37]}
{[%emt 00:02:54]} 32. Rd8+ {[%clk 00:05:19]} {[%emt 00:00:17]} Kc7 {[%clk
00:02:18]} {[%emt 00:00:50]} 33. Rxh8 {[%clk 00:05:37]} {[%emt 00:00:12]} Rxe5
{[%clk 00:02:09]} {[%emt 00:00:39]} 34. Rxh2 {[%clk 00:06:02]} {[%emt
00:00:05]} Rxe7 {[%clk 00:02:28]} {[%emt 00:00:11]} 35. Rh7 {[%clk 00:06:20]}
{[%emt 00:00:11]} Re5 {[%clk 00:01:57]} {[%emt 00:01:02]} 36. Rxf7+ {[%clk
00:06:34]} {[%emt 00:00:16]} Kb6 {[%clk 00:02:14]} {[%emt 00:00:13]} 37. f4
{[%clk 00:05:58]} {[%emt 00:01:05]} Rh5 {[%clk 00:02:11]} {[%emt 00:00:33]} 38.
Kg2 {[%clk 00:06:01]} {[%emt 00:00:27]} a5 {[%clk 00:01:33]} {[%emt 00:01:09]}
39. Rg7 {[%clk 00:06:04]} {[%emt 00:00:26]} Rf5 {[%clk 00:01:37]} {[%emt
00:00:27]} 40. Kf3 {[%clk 00:06:08]} {[%emt 00:00:25]} Rb5 {[%clk 00:01:29]}
{[%emt 00:00:39]} 41. Rxg6 {[%clk 00:06:08]} {[%emt 00:00:28]} a4 {[%clk
00:01:51]} {[%emt 00:00:09]} 42. Bxa4 {[%clk 00:06:33]} {[%emt 00:00:05]} Rxb2
{[%clk 00:02:18]} {[%emt 00:00:03]} 43. Bb3 {[%clk 00:06:47]} {[%emt 00:00:16]}
Kb5 {[%clk 00:02:13]} {[%emt 00:00:35]} 44. f5 {[%clk 00:06:44]} {[%emt
00:00:32]} c5 {[%clk 00:02:24]} {[%emt 00:00:20]} 45. c4+ {[%clk 00:07:00]}
{[%emt 00:00:13]} Ka5 {[%clk 00:02:23]} {[%emt 00:00:32]} 46. f6 {[%clk
00:07:11]} {[%emt 00:00:18]} b5 {[%clk 00:02:31]} {[%emt 00:00:24]} 47. cxb5
{[%clk 00:06:48]} {[%emt 00:00:53]} 1-0

[Event "DEM U14w 2021"]
[Site "Willingen GER"]
[Date "2021.08.23"]
[Round "2"]
[White "Wilmink, Anna"]
[Black "Sereda, Yaroslava"]
[Result "0-1"]
[Termination "normal"]
[Board "3"]
[WhiteElo "1565"]
[BlackElo "1750"]
[WhiteClock "00:02:25"]
[BlackClock "00:16:10"]
[PlyCount "74"]
[WhiteFideId "16273680"]
[BlackFideId "14178940"]
[EventCountry "GER"]
[EventRounds "9"]
[EventType "swiss"]
[EventDate "2021.08.22"]

1. d4 {[%clk 01:30:56]} {[%emt 00:00:03]} Nf6 {[%clk 01:30:51]} {[%emt
00:00:10]} 2. Nc3 {[%clk 01:31:12]} {[%emt 00:00:13]} d5 {[%clk 01:31:00]}
{[%emt 00:00:21]} 3. Bf4 {[%clk 01:31:23]} {[%emt 00:00:18]} g6 {[%clk
01:30:31]} {[%emt 00:01:00]} 4. e3 {[%clk 01:31:31]} {[%emt 00:00:23]} Bg7
{[%clk 01:30:52]} {[%emt 00:00:09]} 5. Bd3 {[%clk 01:31:43]} {[%emt 00:00:17]}
O-O {[%clk 01:30:48]} {[%emt 00:00:35]} 6. f3 {[%clk 01:31:50]} {[%emt
00:00:22]} c5 {[%clk 01:30:15]} {[%emt 00:01:04]} 7. dxc5 {[%clk 01:31:59]}
{[%emt 00:00:22]} Qa5 {[%clk 01:29:52]} {[%emt 00:00:52]} 8. Qd2 {[%clk
01:29:40]} {[%emt 00:02:49]} Re8 {[%clk 01:16:36]} {[%emt 00:13:46]} 9. g4
{[%clk 01:24:21]} {[%emt 00:05:48]} e5 {[%clk 01:15:45]} {[%emt 00:01:20]} 10.
Bg3 {[%clk 01:22:25]} {[%emt 00:02:28]} Qxc5 {[%clk 01:14:46]} {[%emt
00:01:29]} 11. O-O-O {[%clk 01:17:03]} {[%emt 00:05:53]} Bh6 {[%clk 01:13:23]}
{[%emt 00:01:52]} 12. Bf2 {[%clk 01:04:00]} {[%emt 00:13:33]} d4 {[%clk
01:11:44]} {[%emt 00:02:08]} 13. Na4 {[%clk 01:00:42]} {[%emt 00:03:49]} Qc6
{[%clk 01:10:35]} {[%emt 00:01:38]} 14. b3 {[%clk 00:58:21]} {[%emt 00:02:51]}
Nxg4 {[%clk 00:49:46]} {[%emt 00:21:20]} 15. fxg4 {[%clk 00:22:55]} {[%emt
00:35:54]} Qxh1 {[%clk 00:47:16]} {[%emt 00:02:59]} 16. Qe2 {[%clk 00:21:25]}
{[%emt 00:02:01]} Qg2 {[%clk 00:41:41]} {[%emt 00:06:05]} 17. h3 {[%clk
00:17:45]} dxe3 {[%clk 00:40:59]} {[%emt 00:05:22]} 18. Bh4 {[%clk 00:16:45]}
Qxe2 {[%clk 00:40:23]} {[%emt 00:02:36]} 19. Nxe2 {[%clk 00:16:00]} Nc6 {[%clk
00:34:22]} {[%emt 00:07:45]} 20. Nac3 {[%clk 00:14:40]} g5 {[%clk 00:22:07]}
{[%emt 00:14:37]} 21. Bg3 {[%clk 00:12:13]} Be6 {[%clk 00:22:06]} {[%emt
00:03:25]} 22. Ne4 {[%clk 00:10:18]} Red8 {[%clk 00:20:49]} {[%emt 00:04:14]}
23. Nf6+ {[%clk 00:08:33]} Kh8 {[%clk 00:20:52]} {[%emt 00:02:42]} 24. Rh1
{[%clk 00:07:40]} Bg7 {[%clk 00:19:09]} {[%emt 00:03:37]} 25. Nh5 {[%clk
00:07:47]} f6 {[%clk 00:18:25]} {[%emt 00:01:37]} 26. Nc3 {[%clk 00:05:32]} Nb4
{[%clk 00:18:13]} {[%emt 00:03:27]} 27. Be2 {[%clk 00:05:09]} Rac8 {[%clk
00:18:25]} {[%emt 00:01:10]} 28. Kb2 {[%clk 00:05:11]} Rd2 {[%clk 00:18:35]}
{[%emt 00:00:50]} 29. a3 {[%clk 00:03:39]} Rxc2+ {[%clk 00:17:43]} {[%emt
00:03:23]} 30. Kb1 {[%clk 00:03:50]} R8xc3 {[%clk 00:17:17]} {[%emt 00:01:16]}
31. axb4 {[%clk 00:03:33]} Rxe2 {[%clk 00:17:37]} {[%emt 00:00:57]} 32. Rd1
{[%clk 00:03:37]} Rd2 {[%clk 00:17:37]} 33. Re1 {[%clk 00:03:37]} Bxb3 {[%clk
00:17:37]} 34. h4 {[%clk 00:03:37]} e2 {[%clk 00:17:37]} 35. hxg5 {[%clk
00:02:50]} {[%emt 00:05:33]} Rcc2 {[%clk 00:15:53]} {[%emt 00:00:54]} 36. Rc1
{[%clk 00:02:11]} {[%emt 00:01:08]} Ba2+ {[%clk 00:15:47]} {[%emt 00:00:37]}
37. Ka1 {[%clk 00:02:25]} {[%emt 00:00:16]} Rxc1# {[%clk 00:16:10]} {[%emt
00:00:06]} 0-1

[Event "DEM U14w 2021"]
[Site "Willingen GER"]
[Date "2021.08.23"]
[Round "2"]
[White "Trunz, Michelle"]
[Black "Glowiak, Alexandra"]
[Result "1/2-1/2"]
[Termination "normal"]
[Board "4"]
[WhiteElo "1714"]
[BlackElo "1413"]
[WhiteClock "00:02:20"]
[BlackClock "00:06:17"]
[PlyCount "109"]
[WhiteFideId "16227980"]
[BlackFideId "16259530"]
[EventCountry "GER"]
[EventRounds "9"]
[EventType "swiss"]
[EventDate "2021.08.22"]

1. d4 {[%clk 01:30:58]} {[%emt 00:00:03]} d5 {[%clk 01:30:48]} {[%emt
00:00:13]} 2. c4 {[%clk 01:31:21]} {[%emt 00:00:06]} e6 {[%clk 01:31:07]}
{[%emt 00:00:10]} 3. Nc3 {[%clk 01:31:37]} {[%emt 00:00:15]} Nf6 {[%clk
01:31:31]} {[%emt 00:00:06]} 4. Bg5 {[%clk 01:31:47]} {[%emt 00:00:20]} Nbd7
{[%clk 01:31:29]} {[%emt 00:00:32]} 5. e3 {[%clk 01:32:02]} {[%emt 00:00:16]}
Be7 {[%clk 01:31:31]} {[%emt 00:00:27]} 6. Nf3 {[%clk 01:32:12]} {[%emt
00:00:20]} O-O {[%clk 01:31:35]} {[%emt 00:00:26]} 7. Be2 {[%clk 01:30:53]}
{[%emt 00:01:49]} dxc4 {[%clk 01:30:16]} {[%emt 00:01:48]} 8. Bxc4 {[%clk
01:31:10]} {[%emt 00:00:13]} c6 {[%clk 01:28:22]} {[%emt 00:02:24]} 9. O-O
{[%clk 01:31:02]} {[%emt 00:00:37]} Nd5 {[%clk 01:27:45]} {[%emt 00:01:07]} 10.
Bxe7 {[%clk 01:30:12]} {[%emt 00:01:20]} Qxe7 {[%clk 01:27:59]} {[%emt
00:00:16]} 11. Rc1 {[%clk 01:27:26]} {[%emt 00:03:17]} Nxc3 {[%emt 00:11:49]}
12. Rxc3 {[%clk 01:25:38]} {[%emt 00:02:14]} e5 {[%clk 01:14:46]} {[%emt
00:02:28]} 13. dxe5 {[%clk 01:24:06]} {[%emt 00:02:02]} Nxe5 {[%clk 01:14:54]}
{[%emt 00:00:22]} 14. Nxe5 {[%clk 01:23:34]} {[%emt 00:01:03]} Qxe5 {[%clk
01:15:16]} {[%emt 00:00:07]} 15. f4 {[%clk 01:19:35]} {[%emt 00:04:29]} Qe7
{[%clk 01:04:45]} {[%emt 00:11:00]} 16. f5 {[%clk 01:09:51]} {[%emt 00:10:15]}
Qg5 {[%clk 00:54:25]} {[%emt 00:10:49]} 17. e4 {[%clk 01:04:55]} {[%emt
00:05:27]} b5 {[%clk 00:45:23]} {[%emt 00:09:32]} 18. Rg3 {[%clk 00:58:04]}
{[%emt 00:07:20]} Qf6 {[%clk 00:41:24]} {[%emt 00:04:29]} 19. Bb3 {[%clk
00:56:45]} {[%emt 00:01:50]} Rd8 {[%clk 00:23:01]} {[%emt 00:18:53]} 20. Qh5
{[%clk 00:53:51]} {[%emt 00:03:23]} Rd7 {[%clk 00:17:20]} {[%emt 00:06:12]} 21.
Re1 {[%clk 00:43:45]} {[%emt 00:10:36]} Qd4+ {[%clk 00:14:02]} {[%emt
00:03:47]} 22. Kh1 {[%clk 00:40:09]} {[%emt 00:04:07]} Qf2 {[%clk 00:12:40]}
{[%emt 00:01:52]} 23. Rg1 {[%clk 00:39:18]} {[%emt 00:01:22]} Qxb2 {[%clk
00:10:49]} {[%emt 00:02:20]} 24. Rh3 {[%clk 00:38:29]} {[%emt 00:01:19]} h6
{[%clk 00:10:13]} {[%emt 00:01:07]} 25. Rg3 {[%clk 00:37:32]} {[%emt 00:01:27]}
Kf8 {[%clk 00:09:41]} {[%emt 00:01:02]} 26. f6 {[%clk 00:34:32]} {[%emt
00:03:30]} gxf6 {[%clk 00:05:51]} {[%emt 00:04:20]} 27. Qxh6+ {[%clk 00:34:27]}
{[%emt 00:00:34]} Ke7 {[%clk 00:06:19]} {[%emt 00:00:01]} 28. Rg8 {[%clk
00:32:39]} {[%emt 00:02:19]} Bb7 {[%clk 00:06:24]} {[%emt 00:00:25]} 29. Qg7
{[%clk 00:30:11]} {[%emt 00:02:58]} Kd6 {[%clk 00:05:48]} {[%emt 00:01:06]} 30.
Rd1+ {[%clk 00:29:50]} {[%emt 00:00:50]} Kc7 {[%clk 00:06:14]} {[%emt
00:00:05]} 31. Rxd7+ {[%emt 00:02:52]} Kxd7 {[%clk 00:06:42]} 32. Qxf7+ {[%clk
00:22:59]} {[%emt 00:05:00]} Kd6 {[%clk 00:07:10]} {[%emt 00:00:03]} 33. h4
{[%clk 00:15:26]} {[%emt 00:08:02]} Qc1+ {[%clk 00:05:48]} {[%emt 00:01:51]}
34. Kh2 {[%clk 00:15:38]} {[%emt 00:00:20]} Qf4+ {[%clk 00:05:58]} {[%emt
00:00:19]} 35. Kh3 {[%clk 00:13:28]} {[%emt 00:02:40]} Bc8+ {[%clk 00:03:36]}
{[%emt 00:02:53]} 36. g4 {[%clk 00:09:47]} {[%emt 00:04:11]} Qf3+ {[%clk
00:03:49]} {[%emt 00:00:17]} 37. Kh2 {[%clk 00:10:06]} {[%emt 00:00:11]} Bxg4
{[%clk 00:02:54]} {[%emt 00:01:25]} 38. e5+ {[%clk 00:07:22]} {[%emt 00:03:14]}
Kc5 {[%clk 00:01:27]} {[%emt 00:01:56]} 39. Qxf6 {[%clk 00:03:18]} {[%emt
00:04:35]} Qh3+ {[%clk 00:00:41]} {[%emt 00:01:15]} 40. Kg1 {[%clk 00:03:38]}
{[%emt 00:00:11]} Rxg8 {[%clk 00:00:48]} {[%emt 00:00:23]} 41. Qf2+ {[%clk
00:03:16]} {[%emt 00:00:51]} Kb4 {[%clk 00:01:01]} {[%emt 00:00:17]} 42. Bxg8
{[%clk 00:25:33]} {[%emt 00:08:14]} Be6 {[%clk 00:22:55]} {[%emt 00:08:36]} 43.
Qd4+ {[%clk 00:22:21]} {[%emt 00:03:41]} Bc4 {[%clk 00:20:26]} {[%emt
00:02:59]} 44. Qd2+ {[%clk 00:20:41]} {[%emt 00:02:10]} Ka4 {[%clk 00:17:50]}
{[%emt 00:03:07]} 45. Qc2+ {[%clk 00:17:01]} {[%emt 00:04:09]} Kb4 {[%clk
00:16:41]} {[%emt 00:01:38]} 46. Qd2+ {[%clk 00:12:59]} {[%emt 00:04:33]} Ka4
{[%clk 00:14:26]} {[%emt 00:02:45]} 47. Bxc4 {[%clk 00:12:14]} {[%emt
00:01:16]} bxc4 {[%clk 00:11:36]} {[%emt 00:03:20]} 48. Qd1+ {[%clk 00:08:20]}
{[%emt 00:04:24]} Kb5 {[%clk 00:08:05]} {[%emt 00:04:00]} 49. a4+ {[%clk
00:06:57]} {[%emt 00:01:54]} Ka6 {[%clk 00:07:18]} {[%emt 00:01:18]} 50. Qd4
{[%clk 00:05:02]} {[%emt 00:02:26]} c3 {[%clk 00:06:18]} {[%emt 00:01:29]} 51.
Qc4+ {[%clk 00:05:11]} {[%emt 00:00:21]} Kb7 {[%clk 00:05:46]} {[%emt
00:01:01]} 52. Qb4+ {[%clk 00:05:19]} {[%emt 00:00:24]} Ka6 {[%clk 00:05:55]}
{[%emt 00:00:19]} 53. Qc4+ {[%clk 00:05:35]} {[%emt 00:00:14]} Kb7 {[%clk
00:06:15]} {[%emt 00:00:11]} 54. Qf7+ {[%clk 00:04:20]} {[%emt 00:01:44]} Ka6
{[%clk 00:06:17]} {[%emt 00:00:29]} 55. Qc4+ {[%clk 00:02:20]} {[%emt
00:02:30]} 1/2-1/2

[Event "DEM U14w 2021"]
[Site "Willingen GER"]
[Date "2021.08.23"]
[Round "2"]
[White "von Beckh, Frieda"]
[Black "Bräutigam, Katerina"]
[Result "1-0"]
[Termination "normal"]
[Board "5"]
[WhiteElo "1541"]
[BlackElo "1738"]
[WhiteClock "00:29:34"]
[BlackClock "00:00:59"]
[PlyCount "59"]
[WhiteFideId "16233751"]
[BlackFideId "16242980"]
[EventCountry "GER"]
[EventRounds "9"]
[EventType "swiss"]
[EventDate "2021.08.22"]

1. e4 {[%clk 01:30:57]} {[%emt 00:00:04]} e5 {[%clk 01:30:55]} {[%emt
00:00:05]} 2. Nf3 {[%clk 01:31:10]} {[%emt 00:00:16]} Nc6 {[%clk 01:31:21]}
{[%emt 00:00:05]} 3. d4 {[%clk 01:31:28]} {[%emt 00:00:11]} exd4 {[%clk
01:31:37]} {[%emt 00:00:14]} 4. Nxd4 {[%clk 01:31:48]} {[%emt 00:00:10]} Nf6
{[%clk 01:23:16]} {[%emt 00:08:51]} 5. Nc3 {[%clk 01:25:40]} {[%emt 00:06:38]}
Bb4 {[%clk 01:15:36]} {[%emt 00:08:11]} 6. Nxc6 {[%clk 01:25:30]} {[%emt
00:00:39]} bxc6 {[%clk 01:11:50]} {[%emt 00:04:16]} 7. Bd3 {[%clk 01:25:47]}
{[%emt 00:00:13]} Bxc3+ {[%clk 01:05:49]} {[%emt 00:06:32]} 8. bxc3 {[%clk
01:26:04]} {[%emt 00:00:11]} h6 {[%clk 01:05:56]} {[%emt 00:00:23]} 9. Be3
{[%clk 01:21:07]} {[%emt 00:05:25]} O-O {[%clk 00:59:07]} {[%emt 00:07:20]} 10.
O-O {[%clk 01:18:32]} {[%emt 00:03:04]} Re8 {[%clk 00:58:14]} {[%emt 00:01:24]}
11. Qf3 {[%clk 01:16:06]} {[%emt 00:02:54]} Qe7 {[%clk 00:49:23]} {[%emt
00:09:23]} 12. Bd4 {[%clk 01:04:41]} {[%emt 00:11:55]} Nxe4 {[%clk 00:40:35]}
{[%emt 00:09:17]} 13. Rae1 {[%clk 01:01:23]} {[%emt 00:03:47]} Ng5 {[%clk
00:31:39]} {[%emt 00:09:27]} 14. Qd1 {[%clk 00:58:14]} {[%emt 00:03:39]} Ne6
{[%clk 00:27:01]} {[%emt 00:05:09]} 15. Qg4 {[%clk 00:56:41]} {[%emt 00:02:02]}
Qg5 {[%clk 00:01:36]} {[%emt 00:25:57]} 16. Qe4 {[%clk 00:49:44]} {[%emt
00:07:26]} f5 {[%clk 00:00:42]} {[%emt 00:01:25]} 17. Qxf5 {[%clk 00:48:13]}
{[%emt 00:01:59]} Qxf5 {[%clk 00:01:08]} {[%emt 00:00:04]} 18. Bxf5 {[%clk
00:48:23]} {[%emt 00:00:20]} Ba6 {[%clk 00:01:31]} {[%emt 00:00:08]} 19. Bd3
{[%clk 00:47:56]} {[%emt 00:00:56]} Bxd3 {[%clk 00:01:37]} {[%emt 00:00:26]}
20. cxd3 {[%clk 00:48:02]} {[%emt 00:00:22]} Nxd4 {[%clk 00:02:00]} {[%emt
00:00:07]} 21. cxd4 {[%clk 00:47:32]} {[%emt 00:00:59]} Rxe1 {[%clk 00:01:23]}
{[%emt 00:01:08]} 22. Rxe1 {[%clk 00:47:44]} {[%emt 00:00:18]} Rb8 {[%clk
00:01:26]} {[%emt 00:00:27]} 23. Kf1 {[%clk 00:46:46]} {[%emt 00:01:28]} Rb4
{[%clk 00:00:33]} {[%emt 00:01:23]} 24. Re4 {[%clk 00:45:51]} {[%emt 00:01:24]}
Kf7 {[%clk 00:00:34]} {[%emt 00:00:30]} 25. Rf4+ {[%clk 00:38:33]} {[%emt
00:07:48]} Ke7 {[%clk 00:00:34]} {[%emt 00:00:31]} 26. Re4+ {[%clk 00:33:07]}
{[%emt 00:05:54]} Kf7 {[%clk 00:00:34]} {[%emt 00:00:31]} 27. Rf4+ {[%clk
00:29:29]} {[%emt 00:04:08]} Ke6 {[%clk 00:00:38]} {[%emt 00:00:26]} 28. d5+
{[%clk 00:29:43]} {[%emt 00:00:15]} Kxd5 {[%clk 00:00:39]} {[%emt 00:00:30]}
29. Rxb4 {[%clk 00:30:03]} {[%emt 00:00:11]} c5 {[%clk 00:00:59]} {[%emt
00:00:10]} 30. Rb7 {[%clk 00:29:34]} {[%emt 00:00:57]} 1-0